000 00427nam a2200205Ia 4500
001 12058
003 GE_BSU
008 181216s||||||||xx |||||||||||||| ||und||
020 _a9780351323003
040 _cGE_BSU
080 _a821.111-32.1
100 _aCarver,Tania
245 4 _aThe creeper
260 _aLondon
260 _bSphere.
260 _c2010.
300 _a468p;18cm.
653 _aThe creeper
942 _cBK
999 _c45235
_d45235